Madonna : Into the Groove (refrain) - Statistiques

Statistiques générales
  • Ce quiz a été pris 25 fois
  • Le résultat moyen est 12 sur 15
Statistiques - réponses
Hint Réponse % Correct
ve got
100%
the groove
100%
get into
100%
boy you'
100%
to me
95%
yeah get
90%
your love
90%
to prove
81%
it be
76%
to the
76%
your feet
71%
up on
71%
what will
52%
beat boy
48%
yeah step
48%
Aucun quiz correspondant
Distribution des résultats
% des personnes avec chaque résultat
Percentile par nombre de réponses
Votre historique - résultats
Vous n’avez pas pris ce quiz